[Event "EU-chT (Women) 20th"]
[Site "Reykjavik"]
[Date "2015.11.21"]
[Round "8.4"]
[White "Skinke, Katrina"]
[Black "Bajoraite, Rita"]
[Result "1/2-1/2"]
[WhiteElo "2222"]
[BlackElo "1913"]
[PlyCount "152"]
[EventDate "2015.11.13"]
[EventType "team-swiss"]
[EventRounds "9"]
[EventCountry "ISL"]
[SourceTitle "CBM 169 Extra"]
[Source "ChessBase"]
[SourceDate "2015.12.18"]
[SourceVersion "1"]
[SourceVersionDate "2015.12.18"]
[SourceQuality "1"]
[WhiteTeam "Latvia (W)"]
[BlackTeam "Lithuania (W)"]
[WhiteTeamCountry "LAT"]
[BlackTeamCountry "LTU"]

1. e4 d6 2. d4 g6 3. Nc3 Bg7 4. f4 Nf6 5. Nf3 Bg4 6. Be2 0-0 7. h3 Bxf3 8. Bxf3 c6 9. Be3 Qa5 10. e5 dxe5 11. fxe5 Nd5 12. Bxd5 cxd5 13. 0-0 Nc6 14. a3 Rad8 15. b4 Qb6 16. Na4 Qc7 17. Bf4 Qc8 18. Qd2 b6 19. c3 f6 20. exf6 exf6 21. Nb2 Rfe8 22. Rf3 Re4 23. Nd3 Qe6 24. Rf2 Re8 25. Raf1 Ne7 26. b5 Nf5 27. Rf3 Re2 28. Qd1 Nd6 29. Bxd6 Qxd6 30. Nf4 R2e4 31. Qb3 Rd8 32. Nd3 f5 33. Nb4 Rd7 34. a4 Qe6 35. a5 Bf8 36. Nd3 Bd6 37. axb6 axb6 38. Nb4 Bxb4 39. Qxb4 Rc7 40. Qa3 Kg7 41. Kh1 Re1 42. Kh2 Rxf1 43. Rxf1 Re7 44. Ra1 g5 45. Qa8 Qd6+ 46. Kg1 g4 47. hxg4 fxg4 48. Qc8 g3 49. Rf1 Qe6 50. Qxe6 Rxe6 51. Rc1 Re2 52. Kf1 Rf2+ 53. Kg1 Rb2 54. Kf1 Rf2+ 55. Kg1 Rd2 56. Kf1 h5 57. c4 dxc4 58. Rxc4 Rf2+ 59. Kg1 Rb2 60. Kf1 Rxb5 61. Ke2 Rf5 62. Ke3 Rf6 63. d5 Kf7 64. Rc7+ Ke8 65. Rh7 Rf5 66. Ke4 Rg5 67. Rb7 h4 68. Rh7 b5 69. Rxh4 b4 70. Rh7 Rg4+ 71. Kf3 Rd4 72. Rb7 Rd3+ 73. Ke4 Rd2 74. Rxb4 Rxg2 75. Kf3 Rg1 76. Rg4 Kd7 1/2-1/2

[Event "EU-chT (Women) 20th"]
[Site "Reykjavik"]
[Date "2015.11.19"]
[Round "6.4"]
[White "Skinke, Katrina"]
[Black "Santeramo, Alessia Carmen"]
[Result "1/2-1/2"]
[WhiteElo "2222"]
[BlackElo "2041"]
[PlyCount "82"]
[EventDate "2015.11.13"]
[EventType "team-swiss"]
[EventRounds "9"]
[EventCountry "ISL"]
[SourceTitle "CBM 169 Extra"]
[Source "ChessBase"]
[SourceDate "2015.12.18"]
[SourceVersion "1"]
[SourceVersionDate "2015.12.18"]
[SourceQuality "1"]
[WhiteTeam "Latvia (W)"]
[BlackTeam "Italy (W)"]
[WhiteTeamCountry "LAT"]
[BlackTeamCountry "ITA"]

1. e4 e5 2. Nf3 Nc6 3. Bc4 Nf6 4. d3 Bc5 5. Bb3 d6 6. c3 a6 7. Nbd2 Ba7 8. a4 0-0 9. 0-0 h6 10. Nc4 Be6 11. a5 Re8 12. Bc2 Ne7 13. Ne3 Ng6 14. d4 Bd7 15. dxe5 dxe5 16. c4 Be6 17. b3 Bd4 18. Nxd4 Qxd4 19. Qxd4 exd4 20. Nd5 Bxd5 21. exd5 c6 22. dxc6 bxc6 23. Rd1 Rad8 24. Kf1 Ne5 25. Bd3 Nfd7 26. Ba3 c5 27. Rab1 g6 28. f3 Re6 29. Be4 Rf6 30. Ke2 Re8 31. Kd2 Ng4 32. Rdc1 Ne3 33. g3 Rxe4 34. fxe4 Rf2+ 35. Ke1 Rxh2 36. Rb2 Rh3 37. Re2 Ne5 38. Kd2 Nf3+ 39. Kd3 Ne5+ 40. Kd2 Nf3+ 41. Kd3 Ne5+ 1/2-1/2

[Event "EU-chT (Women) 20th"]
[Site "Reykjavik"]
[Date "2015.11.15"]
[Round "3.9"]
[White "Skinke, Katrina"]
[Black "Fataliyeva, Ulviyya Hasil Qizi"]
[Result "1-0"]
[WhiteElo "2222"]
[BlackElo "2294"]
[PlyCount "67"]
[EventDate "2015.11.13"]
[EventType "team-swiss"]
[EventRounds "9"]
[EventCountry "ISL"]
[SourceTitle "CBM 169 Extra"]
[Source "ChessBase"]
[SourceDate "2015.12.18"]
[SourceVersion "1"]
[SourceVersionDate "2015.12.18"]
[SourceQuality "1"]
[WhiteTeam "Latvia (W)"]
[BlackTeam "Azerbaijan (W)"]
[WhiteTeamCountry "LAT"]
[BlackTeamCountry "AZE"]

1. e4 e6 2. d4 d5 3. Nc3 Bb4 4. e5 c5 5. a3 Bxc3+ 6. bxc3 Ne7 7. Qg4 0-0 8. Nf3 c4 9. Bg5 Kh8 10. Qh4 Nbc6 11. Kd2 Qc7 12. g4 Ng6 13. Qg3 f6 14. exf6 Qxg3 15. hxg3 gxf6 16. Be3 Kg8 17. Bg2 Bd7 18. Rh6 b5 19. Rah1 Rf7 20. g5 f5 21. Bf4 a5 22. Nh4 Nce7 23. Bf3 Nxh4 24. R1xh4 b4 25. Bh5 Rg7 26. cxb4 axb4 27. axb4 Nc6 28. g6 Ra7 29. b5 Nxd4 30. gxh7+ Rxh7 31. Rxh7 Kxh7 32. Be5 c3+ 33. Kd3 Bxb5+ 34. Kxd4 1-0

[Event "Olympiad Women-41"]
[Site "Tromsoe"]
[Date "2014.08.03"]
[Round "2.3"]
[White "Skinke, Katrina"]
[Black "Kakhramonova, Mokhinur"]
[Result "1-0"]
[WhiteElo "2217"]
[BlackElo "2044"]
[PlyCount "103"]
[EventDate "2014.08.02"]
[EventType "team-swiss"]
[EventRounds "11"]
[EventCountry "NOR"]
[SourceTitle "CBM 162"]
[Source "ChessBase"]
[SourceDate "2014.09.17"]
[SourceVersion "1"]
[SourceVersionDate "2014.09.17"]
[SourceQuality "1"]
[WhiteTeam "Latvia (W)"]
[BlackTeam "Uzbekistan (W)"]
[WhiteTeamCountry "LAT"]
[BlackTeamCountry "UZB"]

1. e4 c6 2. d4 d5 3. Nc3 dxe4 4. Nxe4 Nd7 5. Ng5 Ngf6 6. Bd3 e6 7. N1f3 Bd6 8. Qe2 h6 9. Ne4 Nxe4 10. Qxe4 Nf6 11. Qe2 Nd5 12. 0-0 0-0 13. c4 Ne7 14. Rd1 Nf5 15. Qe4 h5 16. Bg5 Be7 17. Bf4 Bf6 18. Be5 Bxe5 19. dxe5 Qe7 20. h3 g6 21. Qf4 Kg7 22. Ng5 Rd8 23. Ne4 Rd4 24. Qf3 Nh4 25. Qe2 Bd7 26. Nf6 c5 27. g3 Nf5 28. Bxf5 exf5 29. Rxd4 cxd4 30. Rd1 f4 31. Rxd4 Bxh3 32. Rxf4 Rd8 33. Kh2 Bc8 34. Qe3 Qe6 35. Rd4 Qh3+ 36. Kg1 Rh8 37. Qg5 Qf5 38. Qxf5 Bxf5 39. Kg2 Rc8 40. b3 Rc5 41. f4 Rc8 42. Kf3 a5 43. Ne4 Rc6 44. Nd6 Bg4+ 45. Ke3 b6 46. Ne4 Be6 47. Rd8 a4 48. Rb8 axb3 49. axb3 Bg4 50. Kd4 Bf3 51. Nd6 Bg4 52. b4 1-0

[Event "LAT-ch (Women)"]
[Site "Riga"]
[Date "2014.05.03"]
[Round "5"]
[White "Skinke, Katrina"]
[Black "Otikova, Elina"]
[Result "1-0"]
[WhiteElo "2219"]
[BlackElo "1939"]
[PlyCount "69"]
[EventDate "2014.04.29"]
[EventType "swiss"]
[EventRounds "7"]
[EventCountry "LAT"]
[SourceTitle "CBM 160 Extra"]
[Source "ChessBase"]
[SourceDate "2014.07.01"]
[SourceVersion "1"]
[SourceVersionDate "2014.07.01"]
[SourceQuality "1"]

1. e4 e5 2. Nf3 Nc6 3. Nc3 Nf6 4. a3 d5 5. Bb5 d4 6. Ne2 Qd6 7. d3 a6 8. Bxc6+ bxc6 9. Nh4 Be7 10. Ng3 g6 11. Nf3 0-0 12. 0-0 c5 13. Qe2 Ne8 14. Bh6 Ng7 15. Nd2 g5 16. Bxg7 Kxg7 17. Nf5+ Bxf5 18. exf5 Qd7 19. Qxe5+ f6 20. Qe4 Rfe8 21. Qf3 Qa4 22. b3 Qa5 23. Ne4 Qb6 24. Rfe1 Qb5 25. Re2 Qd7 26. h3 a5 27. a4 Bd6 28. Rae1 Rad8 29. Qg4 Re5 30. Nxg5 Kh8 31. Rxe5 Bxe5 32. Nf3 Rg8 33. Nxe5 fxe5 34. Qe4 Qg7 35. Qxe5 1-0

[Event "LAT-chT Higher League"]
[Site "Ventspils"]
[Date "2013.06.08"]
[Round "6.5"]
[White "Skinke, Katrina"]
[Black "Golubeva, Marija"]
[Result "1-0"]
[WhiteElo "2207"]
[BlackElo "1787"]
[PlyCount "111"]
[EventDate "2013.05.06"]
[EventType "team-match"]
[EventRounds "9"]
[EventCountry "LAT"]
[SourceTitle "EXT 2019"]
[Source "ChessBase"]
[SourceDate "2018.10.10"]
[SourceVersion "1"]
[SourceVersionDate "2018.10.10"]
[SourceQuality "1"]

1. e4 c5 2. Nf3 Nc6 3. d4 cxd4 4. Nxd4 e5 5. Nb5 d6 6. N1c3 a6 7. Na3 Be7 8. Nc4 b5 9. Ne3 Nf6 10. Ned5 0-0 11. Be3 Rb8 12. Be2 Be6 13. 0-0 Nd7 14. a4 b4 15. Nxe7+ Nxe7 16. Nb1 d5 17. exd5 Nxd5 18. Bxa6 Nxe3 19. fxe3 Qb6 20. Qe2 Nf6 21. Bb5 Nd5 22. Re1 Rfc8 23. Kh1 Qc5 24. Bd3 f5 25. Nd2 Nf6 26. b3 e4 27. Bc4 Bd5 28. a5 Rd8 29. Bxd5+ Nxd5 30. Nc4 Nc3 31. Qf2 Rf8 32. Qg3 Ra8 33. a6 Rf6 34. Ra5 Qe7 35. a7 f4 36. exf4 Rxa7 37. Rxa7 Qxa7 38. Qg4 Qf2 39. Ra1 Rxf4 40. Qe6+ Kh8 41. h3 Rf8 42. Ne5 Qf6 43. Qxf6 gxf6 44. Nc6 Nd5 45. Rd1 Ne3 46. Rd2 Ra8 47. Kg1 Ra1+ 48. Kf2 Nd1+ 49. Kg3 e3 50. Re2 Ra6 51. Nxb4 Rd6 52. Nd3 Re6 53. Kf3 Ra6 54. Re1 Nc3 55. Rxe3 Ra2 56. Nb4 1-0

[Event "LAT-ch (Women)"]
[Site "Riga"]
[Date "2013.04.20"]
[Round "9"]
[White "Skinke, Katrina"]
[Black "Matisone, Dana"]
[Result "1/2-1/2"]
[WhiteElo "2207"]
[BlackElo "1719"]
[PlyCount "87"]
[EventDate "2013.04.13"]
[EventType "swiss"]
[EventRounds "9"]
[EventCountry "LAT"]
[SourceTitle "CBM 154 Extra"]
[Source "ChessBase"]
[SourceDate "2013.06.25"]
[SourceVersion "2"]
[SourceVersionDate "2013.06.25"]
[SourceQuality "1"]

1. e4 c6 2. d4 d5 3. Nc3 dxe4 4. Nxe4 Bf5 5. Ng3 Bg6 6. Nf3 Nd7 7. h4 h6 8. Bd3 Bxd3 9. Qxd3 Ngf6 10. Bd2 e6 11. 0-0-0 Qc7 12. c4 Rd8 13. Rhe1 Be7 14. Kb1 0-0 15. Bc3 Rfe8 16. Ne4 Nxe4 17. Qxe4 Nf6 18. Qe2 c5 19. Ne5 cxd4 20. Bxd4 b6 21. g4 Nd7 22. g5 hxg5 23. hxg5 Bxg5 24. Nxf7 Kxf7 25. Qh5+ Kg8 26. Qxg5 Nf8 27. Bc3 Rxd1+ 28. Rxd1 e5 29. Rg1 Re6 30. Qh4 Qd6 31. a3 Rh6 32. Qe4 Re6 33. f4 Nd7 34. Ka2 Qc5 35. Rg2 Nf6 36. Qe2 Nd7 37. b3 Qd6 38. Qg4 Qe7 39. Qh3 Qf7 40. Re2 Rh6 41. Qg4 exf4 42. Rd2 Nf8 43. Rf2 Ne6 44. Be5 1/2-1/2

[Event "LAT-ch (Women)"]
[Site "Riga"]
[Date "2013.04.16"]
[Round "5"]
[White "Skinke, Katrina"]
[Black "Otikova, Elina"]
[Result "1-0"]
[WhiteElo "2207"]
[BlackElo "1926"]
[PlyCount "125"]
[EventDate "2013.04.13"]
[EventType "swiss"]
[EventRounds "9"]
[EventCountry "LAT"]
[SourceTitle "CBM 154 Extra"]
[Source "ChessBase"]
[SourceDate "2013.06.25"]
[SourceVersion "2"]
[SourceVersionDate "2013.06.25"]
[SourceQuality "1"]

1. e4 e5 2. Nf3 Nc6 3. d4 exd4 4. Nxd4 Qf6 5. Be3 Bc5 6. c3 Qg6 7. Nd2 Nf6 8. Qe2 Ng4 9. Nf5 Nxe3 10. Nxe3 Bxe3 11. Qxe3 0-0 12. h4 h6 13. 0-0-0 d6 14. h5 Qh7 15. f4 f5 16. Bc4+ Kh8 17. e5 dxe5 18. fxe5 f4 19. Qc5 Bg4 20. Rde1 Qf5 21. Bb3 Rad8 22. Bc2 Qe6 23. Rh4 g6 24. Qf2 Nxe5 25. Rxe5 Qxe5 26. Rxg4 Qe3 27. Qxe3 fxe3 28. Nf3 Rd2 29. Re4 Rxg2 30. Rxe3 Rg3 31. Bd1 Rh3 32. Be2 Rxh5 33. Ne5 Rh1+ 34. Kc2 Rf2 35. Nd3 Rf6 36. Kb3 g5 37. Re8+ Kg7 38. Ne5 Re1 39. Bg4 Rg1 40. Bh5 Rh1 41. Re7+ Kf8 42. Re8+ Kg7 43. Bf3 Rf1 44. Bd5 Rf8 45. Re7+ Kf6 46. Re6+ Kf5 47. Nd7 Rf7 48. Re5+ Kg4 49. Be6+ Kg3 50. Bxf7 Rxf7 51. Rd5 g4 52. Ne5 Re7 53. Rd3+ Kg2 54. Nxg4 h5 55. Ne3+ Kh2 56. Kc2 h4 57. Kd2 h3 58. Ke2 Rf7 59. Nf1+ Kg2 60. Rg3+ Kh1 61. Rxh3+ Kg2 62. Rg3+ Kh1 63. Rf3 1-0

[Event "LAT-ch (Women)"]
[Site "Riga"]
[Date "2013.04.15"]
[Round "4"]
[White "Rogule, Laura"]
[Black "Skinke, Katrina"]
[Result "1/2-1/2"]
[WhiteElo "2306"]
[BlackElo "2207"]
[PlyCount "51"]
[EventDate "2013.04.13"]
[EventType "swiss"]
[EventRounds "9"]
[EventCountry "LAT"]
[SourceTitle "CBM 154 Extra"]
[Source "ChessBase"]
[SourceDate "2013.06.25"]
[SourceVersion "2"]
[SourceVersionDate "2013.06.25"]
[SourceQuality "1"]

1. c4 Nf6 2. g3 g6 3. Bg2 d5 4. cxd5 Nxd5 5. Nc3 Nb6 6. d3 Bg7 7. h4 h5 8. Nh3 Nc6 9. Ng5 0-0 10. 0-0 e5 11. a4 a5 12. Nb5 Nb4 13. Be3 c6 14. Nc3 N6d5 15. Bc5 Re8 16. Nxd5 Nxd5 17. Qb3 Qd7 18. e4 Nf6 19. f4 b6 20. Be3 Ba6 21. fxe5 Rxe5 22. Bh3 Qxd3 23. Qxf7+ Kh8 24. Ra3 Qd6 25. Qxg6 Rxg5 26. Qxg5 1/2-1/2

[Event "LAT-ch (Women)"]
[Site "Riga"]
[Date "2013.04.14"]
[Round "2"]
[White "Skinke, Katrina"]
[Black "Djogteva, Jekaterina"]
[Result "1/2-1/2"]
[WhiteElo "2207"]
[BlackElo "1789"]
[PlyCount "60"]
[EventDate "2013.04.13"]
[EventType "swiss"]
[EventRounds "9"]
[EventCountry "LAT"]
[SourceTitle "CBM 154 Extra"]
[Source "ChessBase"]
[SourceDate "2013.06.25"]
[SourceVersion "2"]
[SourceVersionDate "2013.06.25"]
[SourceQuality "1"]

1. e4 e5 2. Nf3 Nf6 3. Nxe5 d6 4. Nf3 Nxe4 5. d4 d5 6. Bd3 Bd6 7. 0-0 0-0 8. c4 c6 9. Nc3 Bf5 10. Qc2 Re8 11. Re1 Bb4 12. Bf4 Nd7 13. Re3 Bxc3 14. bxc3 Nb6 15. Nd2 Nxd2 16. Rxe8+ Qxe8 17. Bxf5 Ndxc4 18. Bxh7+ Kh8 19. Qd3 Nd7 20. Qh3 Nf6 21. Bd3+ Kg8 22. f3 Qe6 23. Bf5 Qe2 24. Bg5 Re8 25. Qh4 Ne3 26. Bh3 Nd1 27. g4 Qxf3 28. Bg2 Qd3 29. Bf1 Qf3 30. Bg2 Qd3 1/2-1/2

[Event "Olympiad Women-40"]
[Site "Istanbul"]
[Date "2012.08.29"]
[Round "2.4"]
[White "Bouah, Denise"]
[Black "Skinke, Katrina"]
[Result "0-1"]
[WhiteElo "1896"]
[BlackElo "2226"]
[PlyCount "90"]
[EventDate "2012.08.28"]
[EventType "team-swiss"]
[EventRounds "11"]
[EventCountry "TUR"]
[SourceTitle "CBM 150 Extra"]
[Source "ChessBase"]
[SourceDate "2012.10.19"]
[SourceVersion "1"]
[SourceVersionDate "2012.10.19"]
[SourceQuality "1"]
[WhiteTeam "South Africa (W)"]
[BlackTeam "Latvia (W)"]
[WhiteTeamCountry "RSA"]
[BlackTeamCountry "LAT"]

1. e4 d6 2. d4 g6 3. Nc3 Bg7 4. f4 a6 5. a4 b6 6. Nf3 Bb7 7. Bd3 Nf6 8. 0-0 0-0 9. Qe1 Nc6 10. e5 dxe5 11. fxe5 Nd5 12. Nxd5 Qxd5 13. Be4 Qd7 14. Qh4 f6 15. Bh6 Nd8 16. Bxg7 Kxg7 17. Bxb7 Nxb7 18. Qe4 c6 19. Rae1 f5 20. Qd3 e6 21. Rd1 b5 22. axb5 axb5 23. b3 Rfd8 24. Rf2 h6 25. Rfd2 Qc7 26. c4 Nc5 27. Qc2 Ne4 28. Rd3 b4 29. Qb2 Qb6 30. Kf1 Ra7 31. Ra1 Rda8 32. Rdd1 Ra3 33. Rxa3 bxa3 34. Qc2 Rb8 35. Rb1 Qb4 36. d5 cxd5 37. cxd5 Nc3 38. Rc1 Nxd5 39. Qc6 Qe7 40. Nd4 Rb6 41. Qa4 Rb4 42. Qa8 Rxd4 43. Rc8 Nb6 44. Rg8+ Kf7 45. Qb8 a2 0-1

[Event "Vaujany op 3rd"]
[Site "Vaujany"]
[Date "2012.07.18"]
[Round "7"]
[White "Skinke, Katrina"]
[Black "Juhasz, Kristof"]
[Result "0-1"]
[WhiteElo "2238"]
[BlackElo "2365"]
[PlyCount "66"]
[EventDate "2012.07.12"]
[EventType "swiss"]
[EventRounds "9"]
[EventCountry "FRA"]
[SourceTitle "CBM 149 Extra"]
[Source "ChessBase"]
[SourceDate "2012.08.24"]
[SourceVersion "1"]
[SourceVersionDate "2012.08.24"]
[SourceQuality "1"]

1. e4 c6 2. d4 d5 3. e5 Bf5 4. Nc3 e6 5. g4 Bg6 6. Nge2 c5 7. Be3 Nc6 8. dxc5 h5 9. Nd4 hxg4 10. Bb5 Rc8 11. Qxg4 Qd7 12. Qg3 Nh6 13. Nce2 Bxc5 14. Nxc6 bxc6 15. Bxc5 cxb5 16. b4 Nf5 17. Qa3 Qc7 18. f4 a5 19. c3 Rh3 20. Qb2 Ne3 21. Ng3 Nc2+ 22. Kf2 Nxa1 23. Qxa1 Qc6 24. Qf1 Rh4 25. Ne2 Be4 26. Kg3 axb4 27. cxb4 Rh6 28. Nd4 Rg6+ 29. Kf2 Qa6 30. Rg1 Qxa2+ 31. Ke3 Qa3+ 32. Kd2 Qb2+ 33. Ke1 Qc3+ 0-1

[Event "LAT-ch (Women)"]
[Site "Riga"]
[Date "2012.04.29"]
[Round "1"]
[White "Parhomenko, Margarita"]
[Black "Skinke, Katrina"]
[Result "0-1"]
[WhiteElo "1565"]
[BlackElo "2229"]
[PlyCount "114"]
[EventDate "2012.04.29"]
[EventType "swiss"]
[EventRounds "9"]
[EventCountry "LAT"]
[SourceTitle "CBM 148 Extra"]
[Source "ChessBase"]
[SourceDate "2012.06.22"]
[SourceVersion "1"]
[SourceVersionDate "2012.06.22"]
[SourceQuality "1"]

1. Nf3 Nf6 2. b3 g6 3. Bb2 Bg7 4. e3 d6 5. d4 0-0 6. Bd3 Nbd7 7. Nbd2 Re8 8. 0-0 e5 9. dxe5 dxe5 10. e4 Nh5 11. Nc4 b6 12. Qd2 Qe7 13. Rad1 Bb7 14. Rfe1 Rad8 15. b4 a6 16. Qc3 Nf4 17. a3 Ne6 18. Qd2 f6 19. Qe3 Kh8 20. Bf1 Ba8 21. Nfd2 b5 22. Na5 c5 23. c4 Nd4 24. Bxd4 exd4 25. Qb3 Rb8 26. Rb1 Bh6 27. Qb2 Qd6 28. f3 Be3+ 29. Kh1 Re5 30. Bd3 Rh5 31. Nf1 Bf4 32. h3 Ne5 33. Qe2 cxb4 34. axb4 Qe6 35. Red1 Qd7 36. Nh2 Qc7 37. Ng4 Kg7 38. cxb5 axb5 39. Rb2 Nxg4 40. fxg4 Re5 41. Rc2 Qd6 42. Nb3 Be3 43. Nc5 Re7 44. Ra1 Qg3 45. Ra6 Bf4 46. Kg1 Qh2+ 47. Kf1 Qh1+ 48. Kf2 Be3+ 49. Kg3 f5 50. gxf5 gxf5 51. Ne6+ Kh8 52. Kf3 fxe4+ 53. Bxe4 Rf7+ 54. Kg4 Bxe4 55. Rc7 Rg8+ 56. Kh4 Bf2+ 57. Kh5 Rf5+ 0-1

[Event "EU-chT (Women) 18th"]
[Site "Porto Carras"]
[Date "2011.11.09"]
[Round "7.3"]
[White "Bulmaga, Irina"]
[Black "Skinke, Katrina"]
[Result "1-0"]
[WhiteElo "2334"]
[BlackElo "2227"]
[PlyCount "97"]
[EventDate "2011.11.03"]
[EventType "team-swiss"]
[EventRounds "9"]
[EventCountry "GRE"]
[SourceTitle "EXT 2012"]
[Source "ChessBase"]
[SourceDate "2011.11.24"]
[SourceVersion "1"]
[SourceVersionDate "2011.11.24"]
[SourceQuality "1"]
[WhiteTeam "Romania (W)"]
[BlackTeam "Latvia (W)"]
[WhiteTeamCountry "ROU"]
[BlackTeamCountry "LAT"]

1. e4 c5 2. Nf3 d6 3. d4 cxd4 4. Nxd4 Nf6 5. Nc3 a6 6. Be3 e5 7. Nb3 Be6 8. f3 Be7 9. Qd2 0-0 10. 0-0-0 b5 11. g4 Nbd7 12. Kb1 Qc7 13. g5 Nh5 14. Nd5 Bxd5 15. exd5 Rfc8 16. Bh3 a5 17. Bxd7 Qxd7 18. Nxa5 Nf4 19. Bxf4 exf4 20. Nc6 Bxg5 21. Rhg1 h6 22. Rde1 Kh8 23. Re4 f5 24. Rb4 Qf7 25. a3 Qh5 26. Qg2 Re8 27. Rxb5 Re3 28. Rf1 Qe8 29. Rb3 Bf6 30. Rd1 Rxb3 31. cxb3 Qe3 32. Ka2 Re8 33. Na5 Rb8 34. Qf1 Qb6 35. Qe1 Qc5 36. a4 Qb6 37. Rd3 Ra8 38. Nc4 Qc5 39. Kb1 Rb8 40. Na5 Qb6 41. b4 Ra8 42. Nc4 Qc7 43. b3 Rb8 44. b5 Qf7 45. Nxd6 Qf8 46. Qe6 g6 47. a5 Be7 48. Nf7+ Kh7 49. d6 1-0

[Event "Aegean op 34th"]
[Site "Aghios Kirykos"]
[Date "2011.07.11"]
[Round "4"]
[White "Kamenets, Anatolij"]
[Black "Skinke, Katrina"]
[Result "1-0"]
[WhiteElo "2328"]
[BlackElo "2242"]
[PlyCount "75"]
[EventDate "2011.07.09"]
[EventType "swiss"]
[EventRounds "9"]
[EventCountry "GRE"]
[SourceTitle "CBM 143 Extra"]
[Source "ChessBase"]
[SourceDate "2011.08.29"]
[SourceVersion "1"]
[SourceVersionDate "2011.08.29"]
[SourceQuality "1"]

1. d4 Nf6 2. c4 g6 3. Nc3 Bg7 4. e4 d6 5. Bd3 0-0 6. Nge2 c5 7. d5 e6 8. 0-0 exd5 9. exd5 Ng4 10. f4 Re8 11. Rf3 Qh4 12. h3 Bd4+ 13. Nxd4 Re1+ 14. Qxe1 Qxe1+ 15. Rf1 Qe7 16. Nf3 Nf6 17. Bd2 Bf5 18. Rae1 Qd7 19. Ne4 Nxe4 20. Bxe4 Na6 21. Bxf5 Qxf5 22. Ng5 Nb4 23. Ne4 Nc2 24. g4 Qc8 25. Nf6+ Kf8 26. Re4 b5 27. f5 Kg7 28. fxg6 hxg6 29. Ne8+ Qxe8 30. Rxe8 Rxe8 31. cxb5 Re4 32. Bf4 Rd4 33. Bxd6 Rxd5 34. Bb8 c4 35. a4 Ne3 36. Rc1 Rd7 37. Kf2 Nd1+ 38. Ke2 1-0

[Event "Aegean op 34th"]
[Site "Aghios Kirykos"]
[Date "2011.07.10"]
[Round "2"]
[White "Antoniadis, Konstantinos"]
[Black "Skinke, Katrina"]
[Result "0-1"]
[WhiteElo "1852"]
[BlackElo "2242"]
[PlyCount "70"]
[EventDate "2011.07.09"]
[EventType "swiss"]
[EventRounds "9"]
[EventCountry "GRE"]
[SourceTitle "CBM 143 Extra"]
[Source "ChessBase"]
[SourceDate "2011.08.29"]
[SourceVersion "1"]
[SourceVersionDate "2011.08.29"]
[SourceQuality "1"]

1. e4 d6 2. d4 Nf6 3. Nc3 g6 4. Be2 Bg7 5. Be3 c6 6. f4 Qa5 7. Bd2 Qb6 8. Nf3 0-0 9. Qc1 c5 10. dxc5 Qxc5 11. Be3 Qa5 12. Bd2 Qb6 13. Be3 Qd8 14. h3 Nh5 15. 0-0 Ng3 16. Rf2 Bxc3 17. bxc3 Nxe4 18. Rf1 Nxc3 19. Bd3 Nd5 20. Bd4 Nc6 21. Bb2 Qb6+ 22. Kh2 Qe3 23. Nd2 Nxf4 24. Rf3 Nxd3 25. cxd3 Qh6 26. Qe1 Ne5 27. Rg3 f6 28. Ne4 Bf5 29. Nf2 Rac8 30. Bc1 Qg7 31. Rb1 b6 32. Rb4 Rc2 33. Ne4 Rfc8 34. Bd2 Kh8 35. d4 Nc6 0-1

[Event "Bundesliga 1011"]
[Site "Germany"]
[Date "2011.03.20"]
[Round "13.8"]
[White "Kipper, Jens"]
[Black "Skinke, Katrina"]
[Result "1/2-1/2"]
[WhiteElo "2394"]
[BlackElo "2237"]
[PlyCount "77"]
[EventDate "2010.10.09"]
[EventType "team-tourn"]
[EventRounds "15"]
[EventCountry "GER"]
[SourceTitle "EXT 2012"]
[Source "ChessBase"]
[SourceDate "2011.11.24"]
[SourceVersion "1"]
[SourceVersionDate "2011.11.24"]
[SourceQuality "1"]
[WhiteTeam "Remagen"]
[BlackTeam "Delmenhorst"]
[WhiteTeamCountry "GER"]
[BlackTeamCountry "GER"]

1. Nf3 Nf6 2. c4 g6 3. Nc3 Bg7 4. e4 d6 5. d4 0-0 6. Be2 e5 7. 0-0 Nc6 8. dxe5 dxe5 9. Bg5 Qxd1 10. Rfxd1 Bg4 11. Rd2 h6 12. Be3 Rfd8 13. Rad1 Rxd2 14. Rxd2 Ne8 15. c5 Bxf3 16. Bxf3 Nd4 17. Bd1 c6 18. Ne2 Nc7 19. Nxd4 exd4 20. Bxd4 Rd8 21. Be3 Rxd2 22. Bxd2 Bxb2 23. Bg4 Na6 24. Be3 Ba3 25. Bc8 Nxc5 26. Bxh6 b5 27. Be3 Nxe4 28. Bb7 Nc3 29. Bxc6 a6 30. Bb7 a5 31. Ba6 Nxa2 32. Bxb5 Nc3 33. Bc6 Bb2 34. Bd2 Kf8 35. Kf1 Ke7 36. h4 Kd6 37. Be8 Ke7 38. Bc6 Kd6 39. Bxc3 1/2-1/2

[Event "BL2 Nord 1011 (Women)"]
[Site "Germany"]
[Date "2010.11.07"]
[Round "2.1"]
[White "Skinke, Katrina"]
[Black "Zschischang, Marine"]
[Result "1/2-1/2"]
[WhiteElo "2217"]
[BlackElo "2072"]
[PlyCount "66"]
[EventDate "2010.11.06"]
[EventType "team-tourn"]
[EventRounds "7"]
[EventCountry "GER"]
[SourceTitle "EXT 2012"]
[Source "ChessBase"]
[SourceDate "2011.11.24"]
[SourceVersion "1"]
[SourceVersionDate "2011.11.24"]
[SourceQuality "1"]
[WhiteTeam "Delmenhorst (W)"]
[BlackTeam "Lehrte (W)"]
[WhiteTeamCountry "GER"]
[BlackTeamCountry "GER"]

1. e4 e6 2. d4 d5 3. Nc3 Nf6 4. Bg5 Be7 5. e5 Nfd7 6. Bxe7 Qxe7 7. f4 a6 8. Nf3 c5 9. Qd2 Nc6 10. dxc5 Qxc5 11. Ne2 b5 12. Ned4 Nxd4 13. Nxd4 Nb6 14. 0-0-0 Bd7 15. g4 h5 16. f5 Qe7 17. fxe6 Bxe6 18. Nf5 Bxf5 19. gxf5 0-0-0 20. Qe3 Nc4 21. Bxc4 dxc4 22. e6 fxe6 23. fxe6 Rde8 24. Rhe1 Rh6 25. Rd7 Qxe6 26. Qc5+ Kxd7 27. Rd1+ Qd6 28. Qa7+ Kc8 29. Rxd6 Rxd6 30. Qa8+ Kd7 31. Qb7+ Kd8 32. Qb8+ Kd7 33. Qb7+ Kd8 1/2-1/2

[Event "Olympiad Women-39"]
[Site "Khanty-Mansiysk"]
[Date "2010.09.24"]
[Round "4.16"]
[White "Skinke, Katrina"]
[Black "Lacau Rodean, Iulia"]
[Result "1-0"]
[WhiteElo "2217"]
[BlackElo "2024"]
[PlyCount "87"]
[EventDate "2010.09.21"]
[EventType "team-swiss"]
[EventRounds "11"]
[EventCountry "RUS"]
[SourceTitle "CBM 139"]
[Source "ChessBase"]
[SourceDate "2010.11.18"]
[SourceVersion "1"]
[SourceVersionDate "2010.11.18"]
[SourceQuality "1"]
[WhiteTeam "Latvia (W)"]
[BlackTeam "Canada (W)"]
[WhiteTeamCountry "LAT"]
[BlackTeamCountry "CAN"]

1. e4 c5 2. Nf3 d6 3. d4 cxd4 4. Nxd4 Nf6 5. f3 a6 6. c4 g6 7. Be3 Bg7 8. Nc3 0-0 9. Qd2 Bd7 10. Be2 Nc6 11. 0-0 Rb8 12. Rfd1 Nxd4 13. Bxd4 Bc6 14. Qe3 Nd7 15. Bxg7 Kxg7 16. Qd4+ Kg8 17. b4 b5 18. a4 bxa4 19. b5 axb5 20. cxb5 Bb7 21. Nxa4 Ra8 22. f4 Nc5 23. Nxc5 dxc5 24. Qxc5 Rxa1 25. Rxa1 Bxe4 26. Rd1 Qa8 27. Bf1 Qb7 28. Qe5 e6 29. h4 h5 30. Rd4 Bd5 31. f5 Qb8 32. Qe3 Kg7 33. Ra4 Qd8 34. fxg6 fxg6 35. b6 Rf7 36. Qe5+ Kg8 37. Rb4 Qf8 38. Rb1 Qc5+ 39. Kh2 Qe7 40. Qg3 Kg7 41. Bd3 Rf6 42. Ba6 Bb7 43. Bxb7 Qxb7 44. Qe5 1-0